|
|
|
|
| LEADER |
00000nam a2200000 a 4500 |
| 001 |
vtls010318219 |
| 003 |
SK-MaSNL |
| 005 |
20260302011940.0 |
| 008 |
251104s2007 li o g n 000 0 lit |
| 020 |
|
|
|a 5430045500
|q (viaz.)
|
| 040 |
|
|
|a SNK
|b slo
|c SNK
|e AACR2
|
| 041 |
0 |
|
|a lit
|
| 043 |
|
|
|a e-li---
|
| 044 |
|
|
|a li
|c LT
|
| 072 |
|
7 |
|a 502
|x Životné prostredie a jeho ochrana
|2 konspekt
|
| 080 |
|
|
|a 502.21(1-751.2)
|2 2001
|
| 080 |
|
|
|a (474.5)
|2 2001
|
| 080 |
|
|
|a (048.8)
|2 2001
|
| 100 |
1 |
|
|a Paltanavičius, Selemonas,
|d 1956-
|4 aut
|9 653160
|
| 245 |
1 |
0 |
|a Lietuvos nacionaliniai parkai
|c [teksto autorius Selemonas Paltanavičius ; ilustracijas parinko Algé Varnaité]
|
| 250 |
|
|
|a 1. leid.
|
| 260 |
|
|
|a Kaunas
|b Šviesa
|c 2007
|
| 300 |
|
|
|a 79 s.
|b fareb. fotogr.
|c 16 cm
|
| 366 |
|
|
|e 3000 výtl.
|
| 490 |
1 |
|
|a Mažieji pasakojimai apie Lietuvą
|
| 504 |
|
|
|a Bibliogr. odkazy
|
| 650 |
0 |
7 |
|a národné parky
|2 SNKPH
|9 3797
|
| 650 |
0 |
7 |
|a National areas
|2 SNKPHeng
|9 266903
|
| 651 |
|
7 |
|a Litva
|2 SNKPH
|9 25602
|
| 651 |
|
7 |
|a Lithuania
|2 SNKPHeng
|9 340500
|
| 655 |
|
7 |
|a prehľady
|2 SNKPH
|9 70194
|
| 655 |
|
7 |
|a Surveys
|2 SNKPHeng
|9 266058
|
| 700 |
1 |
|
|a Varnaité, Algé
|4 ill
|9 653161
|
| 830 |
|
0 |
|a Mažieji pasakojimai apie Lietuvą
|9 653162
|
| 919 |
|
|
|a 5-430-04550-0
|
| 999 |
|
|
|c 1007939
|d 1009869
|
| 952 |
|
|
|a SNK
|b SNK
|y VYP
|7 0
|p 17A0773834
|o snkID 98609
|i snk2011/22498
|8 2
|g 4.92
|0 0
|1 0
|4 0
|d 2011-10-13
|l 0
|r 2026-02-24 12:41:55
|w 2026-02-24
|